| 000 | 00887cam a2200253 a 4500 | ||
|---|---|---|---|
| 001 | 566124 | ||
| 005 | 20180123081538.0 | ||
| 008 | 891114s1990 ilua bd 000 0deng | ||
| 010 | _a 89048918 | ||
| 020 | _a0814146252 | ||
| 040 |
_aDLC _cDLC _dDLC |
||
| 041 | _aeng | ||
| 042 | _alcac | ||
| 043 |
_an-us--- _ae-uk--- |
||
| 080 | _a813..54099283 BRU | ||
| 082 | 0 | 0 |
_a813..54099283 BRU _aB _220 |
| 100 | _a39 | ||
| 101 | _aMED | ||
| 245 | 0 | 0 |
_aSpeaking for ourselves : _ccompiled and edited by Donald R. Gallo. |
| 504 | _aIncludes bibliographical references. | ||
| 906 |
_a7 _bcbc _corignew _d1 _eocip _f19 _gy-gencatlg |
||
| 942 |
_2ddc _cBK |
||
| 999 |
_c40789 _d40789 |
||